| 000 | 00627cam a2200193 a 4500 | ||
|---|---|---|---|
| 020 | _a0521583292 | ||
| 040 | _cDLC | ||
| 082 | 0 | 0 | _a338 CAM 1998 A021 Or. |
| 100 | 1 | _aWintrobe, Ronald. | |
| 245 | 1 | 4 | _aThe political economy of dictatorship / |
| 260 |
_aCambridge, UK ; _aNew York, NY : _bCambridge University Press, _c1998. |
||
| 300 |
_ax, 390 p. : _bill. ; _c24 cm. |
||
| 650 | 0 | _aDictatorship. | |
| 650 | 0 | _aRational choice theory. | |
| 650 | 0 | _aEconomic development. | |
| 856 | 4 | 2 | _uhttp://www.loc.gov/catdir/description/cam028/97024262.html |
| 856 | 4 | 1 | _uhttp://www.loc.gov/catdir/toc/cam026/97024262.html |
| 942 | _cEK | ||
| 999 |
_c12797 _d12797 |
||